Real Madrid - Transferts les plus chers - Statistiques

Statistiques générales
  • Ce quiz a été pris 207 fois
  • Le résultat moyen est 30 sur 50
Statistiques - réponses
Saison Nationalité Montant Provenance Réponse % Correct
09/10 Portugal 94 M€ Manchester United Cristiano Ronaldo
99%
13/14 Pays de Galles 101 M€ Tottenham Gareth Bale
99%
23/24 Angleterre 127 M€ Borussia Dortmund Jude Bellingham
98%
02/03 Brésil 45 M€ Inter Milan Ronaldo
98%
19/20 Belgique 120 M€ Chelsea Eden Hazard
96%
22/23 France 80 M€ AS Monaco Aurélien Tchouaméni
94%
14/15 Colombie 75 M€ AS Monaco James Rodríguez
92%
01/02 France 77 M€ Juventus Zinédine Zidane
92%
12/13 Croatie 35 M€ Tottenham Luka Modrić
89%
09/10 France 35 M€ Lyon Karim Benzema
88%
00/01 Portugal 60 M€ FC Barcelone Luís Figo
87%
18/19 Brésil 45 M€ Flamengo Vinicius Junior
87%
24/25 Brésil 47 M€ Palmeiras Endrick
85%
09/10 Brésil 67 M€ Milan AC Kaká
83%
19/20 Brésil 45 M€ Santos Rodrygo
82%
18/19 Belgique 35 M€ Chelsea Thibaut Courtois
82%
25/26 Espagne 62 M€ Bournemouth Dean Huijsen
79%
21/22 France 31 M€ Rennes Eduardo Camavinga
77%
19/20 France 48 M€ Lyon Ferland Mendy
75%
25/26 Argentine 45 M€ Boca Junior Franco Mastantuono
73%
19/20 Serbie 63 M€ Eintracht Francfort Luka Jović
73%
03/04 Angleterre 37 M€ Manchester United David Beckham
72%
25/26 Espagne 50 M€ Benfica Lisbonne Álvaro Carreras
71%
19/20 Brésil 50 M€ FC Porto Éder Militão
69%
23/24 Turquie 26 M€ Fenerbahçe Arda Güler
66%
15/16 Croatie 38 M€ Inter Milan Mateo Kovacic
66%
14/15 Allemagne 25 M€ Bayern Munich Toni Kroos
66%
18/19 République Dominicaine 21 M€ Lyon Mariano Díaz
64%
10/11 Argentine 33 M€ Benfica Lisbonne Ángel Di María
62%
07/08 Portugal 30 M€ FC Porto Pepe
55%
09/10 Espagne 34 M€ Liverpool Xabi Alonso
55%
05/06 Espagne 27 M€ FC Séville Sergio Ramos
53%
07/08 Pays Bas 35 M€ Chelsea Arjen Robben
52%
13/14 Espagne 30 M€ Malaga CF Isco
49%
16/17 Espagne 30 M€ Juventus Álvaro Morata
46%
99/00 France 35 M€ Arsenal Nicolas Anelka
43%
08/09 France 20 M€ Portsmouth Lassana Diarra
41%
06/07 Mali 26 M€ Lyon Mahamadou Diarra
40%
17/18 France 24 M€ Atlético Madrid Theo Hernández
36%
11/12 Portugal 30 M€ Benfica Lisbonne Fábio Coentrão
30%
05/06 Brésil 24 M€ Santos Robinho
28%
13/14 Espagne 32 M€ Real Sociedad Asier Illarramendi
25%
07/08 Pays Bas 27 M€ Ajax Amsterdam Wesley Sneijder
25%
15/16 Brésil 31 M€ FC Porto Danilo
24%
18/19 Espagne 32 M€ Real Sociedad Álvaro Odriozola
22%
19/20 Brésil 30 M€ Flamengo Reinier
20%
08/09 Pays Bas 27 M€ Ajax Amsterdam Klaas-Jan Huntelaar
13%
06/07 Argentine 20 M€ Boca Junior Fernando Gago
8%
04/05 Argentine 25 M€ AS Rome Walter Samuel
7%
00/01 Brésil 25 M€ Deportivo La Corogne Flávio Conceição
3%
Aucun quiz correspondant
Distribution des résultats
% des personnes avec chaque résultat
Percentile par nombre de réponses
Votre historique - résultats
Vous n’avez pas pris ce quiz